| 000 | 00711nam a2200241Ia 4500 | ||
|---|---|---|---|
| 003 | OSt | ||
| 005 | 20220928113722.0 | ||
| 006 | a|||||r|||| 00| 0 | ||
| 007 | ta | ||
| 008 | 220927b |||||||| |||| 00| 0 eng d | ||
| 024 | _a45513 | ||
| 037 | _cTextual | ||
| 040 |
_aSDCL _cSDCL _beng |
||
| 041 |
_2eng _aeng |
||
| 082 | _aV3xN12, M8 | ||
| 100 |
_aEley Geoff Ed. _9434701 |
||
| 245 | 0 |
_aReviving the English revolution _b Reflections and elaborations on the work of Christopher Hill |
|
| 260 |
_aLondon _bVerso _c1988 |
||
| 300 |
_avii,356p _ccm. |
||
| 700 |
_a Hunt William _9415652 |
||
| 942 |
_hV3xN12, M8 _cTEXL _2CC |
||
| 999 |
_c750992 _d750992 |
||